Complete the Card - WWE SummerSlam 2010 - Statistics

General Stats
  • This quiz has been taken 385 times
  • The average score is 22 of 26
Answer Stats
Answer % Correct
John Cena
99%
Randy Orton
96%
Edge
95%
Wade Barrett
95%
Chris Jericho
94%
Kane
94%
Daniel Bryan
93%
Heath Slater
92%
The Big Show
92%
Justin Gabriel
91%
Rey Mysterio
91%
Bret Hart
90%
CM Punk
88%
David Otunga
88%
R-Truth
87%
Sheamus
86%
Darren Young
85%
Skip Sheffield
84%
John Morrison
83%
Dolph Ziggler
82%
Michael Tarver
80%
Kofi Kingston
75%
Luke Gallows
74%
Alicia Fox
62%
Joseph Mercury
60%
Melina
58%
No matching quizzes found
Score Distribution
Percent of People with Each Score
Percentile by Number Answered
Your Score History
You have not taken this quiz